Devinez la Capitale Mystère #108 - Statistiques

Statistiques générales
  • Ce quiz a été pris 103 fois
  • Le résultat moyen est 28 sur 33
Statistiques - réponses
Type de Réponse Réponse % Correct
Lettre Trouvée A
100%
Lettre de l'Alphabet I
100%
Lettre de l'Alphabet O
100%
Lettre de l'Alphabet S
100%
Lettre Trouvée R
99%
Lettre Trouvée E
98%
Lettre de l'Alphabet N
96%
Lettre de l'Alphabet P
96%
Lettre Bien Placée A
95%
Lettre de l'Alphabet L
95%
Lettre de l'Alphabet D
94%
Lettre Bien Placée R
94%
Lettre de l'Alphabet C
93%
Lettre de l'Alphabet M
93%
Lettre de l'Alphabet U
93%
Lettre de l'Alphabet B
92%
Lettre de l'Alphabet T
90%
Lettre de l'Alphabet G
88%
Lettre de l'Alphabet K
87%
Lettre Trouvée H
86%
Lettre Bien Placée R
86%
Lettre Bien Placée A
83%
Lettre Bien Placée E
82%
Lettre de l'Alphabet W
75%
Lettre de l'Alphabet Y
75%
Lettre de l'Alphabet F
73%
Lettre de l'Alphabet J
73%
Lettre Bien Placée H
71%
Lettre de l'Alphabet V
71%
Lettre de l'Alphabet X
70%
Lettre de l'Alphabet Z
69%
Capitale Mystère Harare
64%
Lettre de l'Alphabet Q
64%
Aucun quiz correspondant
Distribution des résultats
% des personnes avec chaque résultat
Percentile par nombre de réponses
Votre historique - résultats
Vous n’avez pas pris ce quiz